[Event "Sachsen-Anhalt Landesliga-B 1920"]
[Site "Sachsen Anhalt"]
[Date "2020.02.02"]
[Round "6.1"]
[White "Liebert, Heinz"]
[Black "Schultheis, Heinz"]
[Result "1/2-1/2"]
[WhiteElo "2031"]
[BlackElo "2052"]
[PlyCount "26"]
[EventDate "2019.09.29"]
[EventType "team-tourn"]
[EventRounds "9"]
[EventCountry "GER"]
[SourceTitle "EXT 2023"]
[Source "ChessBase"]
[SourceDate "2022.10.05"]
[SourceVersion "1"]
[SourceVersionDate "2022.10.05"]
[SourceQuality "1"]
[WhiteTeam "Halle USV III"]
[BlackTeam "Zeitz Motor"]
[WhiteTeamCountry "GER"]
[BlackTeamCountry "GER"]

1. c4 Nf6 2. Nf3 e6 3. g3 d5 4. Bg2 Nbd7 5. b3 Bd6 6. 0-0 0-0 7. Ba3 Qe7 8. Bxd6 Qxd6 9. cxd5 exd5 10. Nc3 c6 11. d4 Re8 12. e3 Nf8 13. Ne5 N6d7 1/2-1/2

[Event "MVP-ch Seniors op 19th"]
[Site "Ostseebad Binz"]
[Date "2019.12.01"]
[Round "5"]
[White "Strobel, Walter"]
[Black "Liebert, Heinz"]
[Result "1/2-1/2"]
[WhiteElo "2171"]
[BlackElo "2131"]
[PlyCount "54"]
[EventDate "2019.11.27"]
[EventType "swiss"]
[EventRounds "9"]
[EventCountry "GER"]
[SourceTitle "EXT 2021"]
[Source "ChessBase"]
[SourceDate "2020.10.23"]
[SourceVersion "1"]
[SourceVersionDate "2020.10.23"]
[SourceQuality "1"]

1. e4 c5 2. Nf3 Nc6 3. d4 cxd4 4. Nxd4 Qc7 5. Nc3 e6 6. Be3 a6 7. a3 b5 8. Nxc6 Qxc6 9. Be2 Bb7 10. 0-0 Rc8 11. Qd4 Nf6 12. Bf3 Bc5 13. Qd3 Bxe3 14. Qxe3 e5 15. Qg5 0-0 16. Qxe5 Rfe8 17. Qd4 Qe6 18. Rad1 Rc4 19. Qd2 Nxe4 20. Bxe4 Bxe4 21. Rfe1 Rec8 22. Nxe4 Rxe4 23. Rxe4 Qxe4 24. Qxd7 Re8 25. h3 h6 26. Qd3 Qxd3 27. Rxd3 Re1+ 1/2-1/2

[Event "MVP-ch Seniors op 19th"]
[Site "Ostseebad Binz"]
[Date "2019.11.29"]
[Round "3"]
[White "Liebert, Heinz"]
[Black "Kracht, Helmut"]
[Result "1-0"]
[WhiteElo "2131"]
[BlackElo "1969"]
[PlyCount "51"]
[EventDate "2019.11.27"]
[EventType "swiss"]
[EventRounds "9"]
[EventCountry "GER"]
[SourceTitle "EXT 2021"]
[Source "ChessBase"]
[SourceDate "2020.10.23"]
[SourceVersion "1"]
[SourceVersionDate "2020.10.23"]
[SourceQuality "1"]

1. c4 g6 2. Nf3 Bg7 3. d4 d6 4. g3 c5 5. Bg2 Nc6 6. d5 Nd4 7. Nxd4 cxd4 8. 0-0 Qc7 9. Na3 Bd7 10. b3 d3 11. Rb1 dxe2 12. Qxe2 Nf6 13. Bb2 0-0 14. Bd4 Qa5 15. Qb2 Bf5 16. Rbd1 Rac8 17. Rfe1 Rfe8 18. h3 a6 19. Re3 Bh6 20. Re2 Kf8 21. g4 Bd7 22. Rde1 b5 23. b4 Qc7 24. c5 dxc5 25. bxc5 Qf4 26. Be3 1-0

[Event "MVP-ch Seniors op 19th"]
[Site "Ostseebad Binz"]
[Date "2019.11.28"]
[Round "2"]
[White "Weiss, Hartwig"]
[Black "Liebert, Heinz"]
[Result "0-1"]
[WhiteElo "1934"]
[BlackElo "2131"]
[PlyCount "100"]
[EventDate "2019.11.27"]
[EventType "swiss"]
[EventRounds "9"]
[EventCountry "GER"]
[SourceTitle "EXT 2021"]
[Source "ChessBase"]
[SourceDate "2020.10.23"]
[SourceVersion "1"]
[SourceVersionDate "2020.10.23"]
[SourceQuality "1"]

1. e4 Nf6 2. e5 Nd5 3. d4 d6 4. c4 Nb6 5. exd6 exd6 6. Nc3 Be7 7. Bd3 Nc6 8. Be3 Bf6 9. Nge2 0-0 10. 0-0 Nb4 11. Ng3 Nxd3 12. Qxd3 d5 13. c5 Nc4 14. b3 Nxe3 15. Qxe3 Re8 16. Qd3 c6 17. Rfe1 g6 18. b4 Bd7 19. a4 Qc7 20. Rxe8+ Rxe8 21. Rd1 Bg4 22. f3 Bd7 23. Qf1 h5 24. Nge2 Kg7 25. g3 Bg5 26. f4 Bf6 27. h3 Bf5 28. Kh2 Qc8 29. Ng1 Re3 30. Nge2 Qe6 31. Rd2 Bd3 32. Qg2 Bxe2 33. Rxe2 Bxd4 34. Rxe3 Bxe3 35. Qf3 Bd2 36. g4 hxg4 37. hxg4 Bxc3 38. Qxc3+ Qf6 39. Qf3 Qb2+ 40. Kg3 Qxb4 41. f5 Qe1+ 42. Kh3 Qe5 43. fxg6 fxg6 44. Qb3 Qe7 45. Qb2+ Kh7 46. g5 Qd7+ 47. Kg3 d4 48. Qh2+ Kg8 49. Qa2+ Qd5 50. Qd2 Qxc5 0-1

[Event "MVP-ch Seniors op 19th"]
[Site "Ostseebad Binz"]
[Date "2019.11.27"]
[Round "1"]
[White "Liebert, Heinz"]
[Black "Krueger, Peter"]
[Result "1-0"]
[WhiteElo "2131"]
[BlackElo "1818"]
[PlyCount "89"]
[EventDate "2019.11.27"]
[EventType "swiss"]
[EventRounds "9"]
[EventCountry "GER"]
[SourceTitle "EXT 2021"]
[Source "ChessBase"]
[SourceDate "2020.10.23"]
[SourceVersion "1"]
[SourceVersionDate "2020.10.23"]
[SourceQuality "1"]

1. c4 c5 2. Nf3 Nc6 3. Nc3 Nf6 4. d4 cxd4 5. Nxd4 d6 6. e4 g6 7. Be2 Bg7 8. Be3 Bd7 9. 0-0 0-0 10. Qd2 Rc8 11. f3 a6 12. Rfd1 Nxd4 13. Bxd4 Bc6 14. b4 b6 15. Qe3 Nd7 16. Bxg7 Kxg7 17. Nd5 Kg8 18. a3 Re8 19. Qd4 Bxd5 20. cxd5 b5 21. a4 bxa4 22. Bxa6 Rb8 23. Rxa4 Rb6 24. Be2 Qc7 25. b5 Reb8 26. Rda1 f6 27. Ra7 R6b7 28. Rxb7 Rxb7 29. Qe3 Kg7 30. Kf2 Qc5 31. Qxc5 Nxc5 32. Ke3 g5 33. g3 Kf7 34. f4 e6 35. dxe6+ Kxe6 36. Bc4+ Ke7 37. Ra8 gxf4+ 38. gxf4 f5 39. exf5 Kf6 40. Rf8+ Kg7 41. Rd8 Rb6 42. Kd4 Kf6 43. Rf8+ Kg7 44. Rf7+ Kh6 45. Re7 1-0

[Event "Sachsen-Anhalt Landesliga-B 1920"]
[Site "Sachsen Anhalt"]
[Date "2019.11.17"]
[Round "3.1"]
[White "Philipp, Hans Joachim"]
[Black "Liebert, Heinz"]
[Result "1/2-1/2"]
[WhiteElo "1862"]
[BlackElo "2031"]
[PlyCount "27"]
[EventDate "2019.09.29"]
[EventType "team-tourn"]
[EventRounds "9"]
[EventCountry "GER"]
[SourceTitle "EXT 2023"]
[Source "ChessBase"]
[SourceDate "2022.10.05"]
[SourceVersion "1"]
[SourceVersionDate "2022.10.05"]
[SourceQuality "1"]
[WhiteTeam "Coethen Germania II"]
[BlackTeam "Halle USV III"]
[WhiteTeamCountry "GER"]
[BlackTeamCountry "GER"]

1. e4 Nf6 2. Nc3 d5 3. exd5 Nxd5 4. Bc4 c6 5. Qf3 Be6 6. Nge2 Nc7 7. Bb3 Nd7 8. d4 Nf6 9. Bxe6 Nxe6 10. Be3 g6 11. 0-0 Bg7 12. Rfd1 Nd5 13. Nxd5 Qxd5 14. Qxd5 1/2-1/2

[Event "Sachsen-Anhalt Landesliga-B 1920"]
[Site "Sachsen Anhalt"]
[Date "2019.09.29"]
[Round "1.1"]
[White "Pannier, Thomas"]
[Black "Liebert, Heinz"]
[Result "1/2-1/2"]
[WhiteElo "1773"]
[BlackElo "2031"]
[PlyCount "32"]
[EventDate "2019.09.29"]
[EventType "team-tourn"]
[EventRounds "9"]
[EventCountry "GER"]
[SourceTitle "EXT 2023"]
[Source "ChessBase"]
[SourceDate "2022.10.05"]
[SourceVersion "1"]
[SourceVersionDate "2022.10.05"]
[SourceQuality "1"]
[WhiteTeam "Dessau II"]
[BlackTeam "Halle USV III"]
[WhiteTeamCountry "GER"]
[BlackTeamCountry "GER"]

1. Nf3 Nf6 2. g3 g6 3. c4 Bg7 4. Bg2 0-0 5. 0-0 d6 6. d4 c6 7. Nc3 Qa5 8. Qd3 d5 9. cxd5 cxd5 10. Ne5 Bf5 11. Qb5 Qxb5 12. Nxb5 Rc8 13. Nc3 Be6 14. Bd2 Nc6 15. Nxc6 Rxc6 16. Rfc1 Rac8 1/2-1/2

[Event "MVP-ch Seniors op 18th"]
[Site "Ostseebad Binz"]
[Date "2018.12.04"]
[Round "7"]
[White "Just, Joachim"]
[Black "Liebert, Heinz"]
[Result "1/2-1/2"]
[WhiteElo "1939"]
[BlackElo "2155"]
[PlyCount "26"]
[EventDate "2018.11.28"]
[EventType "swiss"]
[EventRounds "9"]
[EventCountry "GER"]
[SourceTitle "CBM 188 Extra"]
[Source "ChessBase"]
[SourceDate "2019.02.26"]
[SourceVersion "1"]
[SourceVersionDate "2019.02.26"]
[SourceQuality "1"]

1. d4 Nf6 2. Nf3 e6 3. g3 b6 4. Bg2 Bb7 5. 0-0 Be7 6. c4 0-0 7. Nc3 Ne4 8. Qc2 Nxc3 9. Qxc3 f5 10. Rd1 Bf6 11. Qe3 Qe7 12. Ne1 Bxg2 13. Nxg2 Re8 1/2-1/2

[Event "MVP-ch Seniors op 18th"]
[Site "Ostseebad Binz"]
[Date "2018.12.01"]
[Round "4"]
[White "Liebert, Heinz"]
[Black "Fleischer, Matthias"]
[Result "1-0"]
[WhiteElo "2155"]
[BlackElo "1946"]
[PlyCount "49"]
[EventDate "2018.11.28"]
[EventType "swiss"]
[EventRounds "9"]
[EventCountry "GER"]
[SourceTitle "CBM 188 Extra"]
[Source "ChessBase"]
[SourceDate "2019.02.26"]
[SourceVersion "1"]
[SourceVersionDate "2019.02.26"]
[SourceQuality "1"]

1. c4 f5 2. Nf3 Nf6 3. Nc3 g6 4. g3 Bg7 5. Bg2 d6 6. d4 0-0 7. 0-0 Nc6 8. d5 Ne5 9. Nd2 a6 10. f4 Nf7 11. e4 Ng4 12. Nf3 c6 13. Qe2 fxe4 14. Nxe4 cxd5 15. cxd5 Bd7 16. Nfd2 Bd4+ 17. Kh1 Ne3 18. Qd3 Nxf1 19. Qxd4 Nxd2 20. Bxd2 Nh6 21. Bc3 Nf5 22. Qh8+ Kf7 23. Qxh7+ Ke8 24. Qxg6+ Rf7 25. Ng5 1-0

[Event "Sachsen-Anhalt Verbandsliga 18/19"]
[Site "Sachsen Anhalt"]
[Date "2018.10.21"]
[Round "1.1"]
[White "Oltmanns, Ingmar"]
[Black "Liebert, Heinz"]
[Result "0-1"]
[WhiteElo "1955"]
[BlackElo "2175"]
[PlyCount "78"]
[EventDate "2018.10.21"]
[EventType "team-tourn"]
[EventRounds "9"]
[EventCountry "GER"]
[SourceTitle "EXT 2022"]
[Source "ChessBase"]
[SourceDate "2021.10.06"]
[SourceVersion "1"]
[SourceVersionDate "2021.10.06"]
[SourceQuality "1"]
[WhiteTeam "Reideburg 90 Halle"]
[BlackTeam "Halle USV II"]
[WhiteTeamCountry "GER"]
[BlackTeamCountry "GER"]

1. d4 Nf6 2. c4 e6 3. Nc3 Bb4 4. f3 d5 5. a3 Be7 6. b4 a5 7. Rb1 axb4 8. axb4 dxc4 9. e4 Nc6 10. b5 Na5 11. Be3 Nd7 12. f4 0-0 13. Nf3 Nb6 14. Be2 f5 15. g3 fxe4 16. Nxe4 Nd5 17. Bf2 Bb4+ 18. Kf1 c6 19. bxc6 b5 20. Ne5 Qe8 21. Ng5 Nxc6 22. Qc2 g6 23. Ng4 Be7 24. h4 h5 25. Ne3 Nxe3+ 26. Bxe3 e5 27. Rxb5 Bxg5 28. hxg5 exf4 29. Bxf4 Bf5 30. Qxc4+ Kh8 31. Qc3 Qe4 32. Bf3 Qd3+ 33. Qxd3 Bxd3+ 34. Kg2 Bxb5 35. d5 Rxf4 36. gxf4 Nd4 37. Be4 Kg7 38. Rc1 Ra7 39. Rc5 Bd7 0-1

[Event "Sachsen-Anhalt Verbandsliga 2017/18"]
[Site "Sachsen Anhalt"]
[Date "2018.04.15"]
[Round "9.1"]
[White "Hoffmann, Lennard"]
[Black "Liebert, Heinz"]
[Result "1-0"]
[WhiteElo "2041"]
[BlackElo "2178"]
[PlyCount "53"]
[EventDate "2017.12.22"]
[EventType "team-tourn"]
[EventRounds "9"]
[EventCountry "GER"]
[SourceTitle "EXT 2020"]
[Source "ChessBase"]
[SourceDate "2019.10.17"]
[SourceVersion "1"]
[SourceVersionDate "2019.10.17"]
[SourceQuality "1"]
[WhiteTeam "Merseburg"]
[BlackTeam "Halle USV II"]
[WhiteTeamCountry "GER"]
[BlackTeamCountry "GER"]

1. e4 c5 2. Nf3 Nc6 3. d4 cxd4 4. Nxd4 Qc7 5. Nc3 e6 6. Be3 a6 7. a3 b5 8. Be2 Bb7 9. Qd2 Nf6 10. 0-0 b4 11. axb4 Bxb4 12. f3 0-0 13. Ra4 Bd6 14. f4 Nxd4 15. Qxd4 e5 16. Qd2 exf4 17. Bxf4 Bxf4 18. Rxf4 Qb6+ 19. Kh1 Rfe8 20. Rf1 Re5 21. Rd4 Rae8 22. Rd6 Qd8 23. Bc4 Qe7 24. Rfxf6 gxf6 25. Rxd7 Qb4 26. Bxf7+ Kh8 27. Qh6 1-0

[Event "Sachsen-Anhalt Verbandsliga 2017/18"]
[Site "Sachsen Anhalt"]
[Date "2017.12.10"]
[Round "3.1"]
[White "Liebert, Heinz"]
[Black "Praczyk, Karl"]
[Result "1-0"]
[WhiteElo "2188"]
[BlackElo "2031"]
[PlyCount "81"]
[EventDate "2017.12.22"]
[EventType "team-tourn"]
[EventRounds "9"]
[EventCountry "GER"]
[SourceTitle "EXT 2020"]
[Source "ChessBase"]
[SourceDate "2019.10.17"]
[SourceVersion "1"]
[SourceVersionDate "2019.10.17"]
[SourceQuality "1"]
[WhiteTeam "Halle USV II"]
[BlackTeam "Coethen Germania"]
[WhiteTeamCountry "GER"]
[BlackTeamCountry "GER"]

1. c4 Nf6 2. Nf3 g6 3. g3 Bg7 4. Bg2 0-0 5. 0-0 d5 6. cxd5 Nxd5 7. d4 c6 8. Nc3 h6 9. Bd2 Nb6 10. Qc1 Kh7 11. Rd1 Be6 12. h3 Qc8 13. Kh2 Na6 14. e4 Nb4 15. Be1 Bc4 16. Qb1 Be6 17. Ne2 Na6 18. Nf4 Bd7 19. Qc2 c5 20. d5 Ba4 21. b3 Bxa1 22. Rxa1 Be8 23. Ne5 Nb4 24. Qe2 a5 25. Rc1 g5 26. a3 Na2 27. Qxa2 gxf4 28. Nd3 fxg3+ 29. fxg3 Nd7 30. e5 Ra6 31. Be4+ Kg7 32. Bc3 f5 33. exf6+ Nxf6 34. Bh1 Qc7 35. Be5 Rd6 36. Qe2 Rg8 37. Qg4+ Kf8 38. Qh4 h5 39. Rf1 Qd8 40. Be4 Bf7 41. Bxf6 1-0

[Event "MVP-ch Seniors op 17th"]
[Site "Binz"]
[Date "2017.12.07"]
[Round "9.8"]
[White "Liebert, Heinz"]
[Black "Bohnstorff, Michael"]
[Result "1/2-1/2"]
[WhiteElo "2186"]
[BlackElo "2067"]
[PlyCount "24"]
[EventDate "2017.11.29"]
[EventType "swiss"]
[EventRounds "9"]
[EventCountry "GER"]
[SourceTitle "EXT 2019"]
[Source "ChessBase"]
[SourceDate "2018.10.10"]
[SourceVersion "1"]
[SourceVersionDate "2018.10.10"]
[SourceQuality "1"]

1. c4 c6 2. Nf3 d5 3. d4 Nf6 4. Qc2 Bg4 5. Ne5 e6 6. Nxg4 Nxg4 7. e3 Nd7 8. h3 Ngf6 9. Nc3 Be7 10. cxd5 exd5 11. Bd3 0-0 12. 0-0 Re8 1/2-1/2

[Event "MVP-ch Seniors op 17th"]
[Site "Binz"]
[Date "2017.12.01"]
[Round "3.11"]
[White "Liebert, Heinz"]
[Black "Memmel, Guenther"]
[Result "1-0"]
[WhiteElo "2186"]
[BlackElo "1847"]
[PlyCount "141"]
[EventDate "2017.11.29"]
[EventType "swiss"]
[EventRounds "9"]
[EventCountry "GER"]
[SourceTitle "EXT 2019"]
[Source "ChessBase"]
[SourceDate "2018.10.10"]
[SourceVersion "1"]
[SourceVersionDate "2018.10.10"]
[SourceQuality "1"]

1. c4 Nf6 2. Nf3 e6 3. g3 c5 4. Bg2 Nc6 5. 0-0 Be7 6. Nc3 a6 7. d4 cxd4 8. Nxd4 0-0 9. e4 Qc7 10. b3 d6 11. Bb2 Bd7 12. Rc1 Rfd8 13. Nd5 exd5 14. cxd5 Qb6 15. dxc6 bxc6 16. Qc2 Rac8 17. e5 dxe5 18. Nf5 Bxf5 19. Qxf5 e4 20. Bxe4 Nxe4 21. Qxe4 Bf8 22. Rc2 Re8 23. Qf3 Qa5 24. Kg2 Qd5 25. Rd1 Qxf3+ 26. Kxf3 f6 27. Rd4 Re6 28. Ra4 Ra8 29. Bd4 g6 30. Bc5 Bg7 31. Rd2 Ree8 32. Be3 Kf7 33. Rc2 Re6 34. Rc5 Bf8 35. Rca5 c5 36. Bxc5 Rc6 37. Be3 Bd6 38. Rd5 Ke6 39. Rd2 f5 40. h4 Rc3 41. Ke2 Be5 42. Bd4 Bxd4 43. Raxd4 Rc6 44. Kd3 Rac8 45. Rc4 Rc5 46. Re2+ Kd6 47. Rd4+ Rd5 48. Rxd5+ Kxd5 49. Re7 h5 50. Rd7+ Ke5 51. Rd4 Rc6 52. Ra4 Kd5 53. Ra5+ Kd6 54. Kd4 Ke6 55. b4 Kd6 56. Rc5 Rb6 57. Kc4 Ke6 58. a4 Rd6 59. Kc3 Rb6 60. a5 Rd6 61. b5 axb5 62. Rxb5 Rd1 63. Rb6+ Kf7 64. a6 Ra1 65. Kb4 Rb1+ 66. Kc5 Rc1+ 67. Kd6 Rd1+ 68. Kc7 Ra1 69. Kb7 Re1 70. a7 Re7+ 71. Ka6 1-0

[Event "Sachsen-Anhalt Verbandsliga 2017/18"]
[Site "Sachsen Anhalt"]
[Date "2017.10.22"]
[Round "1.1"]
[White "Liebert, Heinz"]
[Black "Rothe, Guido"]
[Result "1-0"]
[WhiteElo "2188"]
[BlackElo "2168"]
[PlyCount "105"]
[EventDate "2017.12.22"]
[EventType "team-tourn"]
[EventRounds "9"]
[EventCountry "GER"]
[SourceTitle "EXT 2020"]
[Source "ChessBase"]
[SourceDate "2019.10.17"]
[SourceVersion "1"]
[SourceVersionDate "2019.10.17"]
[SourceQuality "1"]
[WhiteTeam "Halle USV II"]
[BlackTeam "Magdeburg Aufbau Elbe II"]
[WhiteTeamCountry "GER"]
[BlackTeamCountry "GER"]

1. c4 Nf6 2. Nf3 g6 3. Nc3 Bg7 4. g3 0-0 5. Bg2 d6 6. d4 c6 7. 0-0 Nbd7 8. b3 e5 9. Qc2 Re8 10. Rd1 e4 11. Ng5 e3 12. fxe3 Ng4 13. e4 c5 14. Nf3 cxd4 15. Nxd4 Nc5 16. Nd5 Ne6 17. e3 Ng5 18. Bd2 Nf6 19. Nxf6+ Qxf6 20. Rf1 Qe7 21. Rae1 Bh3 22. e5 dxe5 23. Nb5 Bxg2 24. Kxg2 Rad8 25. Nc3 f5 26. e4 Nxe4 27. Nxe4 fxe4 28. Rxe4 Qd7 29. Bg5 Rc8 30. Qe2 Qc6 31. Rd1 Rf8 32. Rd5 Rf5 33. Be3 Rcf8 34. Bc5 R8f7 35. Bxa7 b6 36. Bb8 Qa8 37. Bxe5 Bxe5 38. Rexe5 Rxe5 39. Qxe5 Rf5 40. Qe6+ Kg7 41. a4 b5 42. Qd7+ Rf7 43. Qxb5 Qa7 44. Qc5 Qa6 45. Qd4+ Kh6 46. g4 Qb7 47. g5+ Kh5 48. Qd1+ Kh4 49. Qe1+ Kh5 50. Qe2+ Kh4 51. Qe4+ Kh5 52. h3 Qc8 53. b4 1-0

[Event "GER-chT Seniors 26th"]
[Site "Templin"]
[Date "2017.09.29"]
[Round "5.1"]
[White "Liebert, Heinz"]
[Black "Kornrumpf, Joachim"]
[Result "1/2-1/2"]
[WhiteElo "2188"]
[BlackElo "2082"]
[PlyCount "27"]
[EventDate "2017.09.25"]
[EventType "team-swiss"]
[EventRounds "7"]
[EventCountry "GER"]
[SourceTitle "EXT 2019"]
[Source "ChessBase"]
[SourceDate "2018.10.10"]
[SourceVersion "1"]
[SourceVersionDate "2018.10.10"]
[SourceQuality "1"]
[WhiteTeam "Sachsen Anhalt"]
[BlackTeam "Schleswig Holstein II"]
[WhiteTeamCountry "GER"]
[BlackTeamCountry "GER"]

1. c4 c5 2. Nf3 Nf6 3. Nc3 e6 4. g3 b6 5. Bg2 Bb7 6. 0-0 Be7 7. d4 cxd4 8. Qxd4 d6 9. b3 0-0 10. Bb2 a6 11. Rfd1 Nbd7 12. Ng5 Bxg2 13. Kxg2 Qc7 14. Nge4 1/2-1/2

[Event "MVP-ch Seniors op 16th"]
[Site "Binz"]
[Date "2016.12.01"]
[Round "9.4"]
[White "Liebert, Heinz"]
[Black "Schreiber, Kurt"]
[Result "1/2-1/2"]
[WhiteElo "2185"]
[BlackElo "2115"]
[PlyCount "20"]
[EventDate "2016.11.23"]
[EventType "swiss"]
[EventRounds "9"]
[EventCountry "GER"]
[SourceTitle "EXT 2018"]
[Source "ChessBase"]
[SourceDate "2017.10.13"]
[SourceVersion "1"]
[SourceVersionDate "2017.10.13"]
[SourceQuality "1"]

1. c4 c5 2. Nc3 Nc6 3. g3 g6 4. Bg2 Bg7 5. Nf3 Nf6 6. 0-0 0-0 7. d4 cxd4 8. Nxd4 a6 9. Nb3 d6 10. h3 Be6 1/2-1/2

[Event "MVP-ch Seniors op 16th"]
[Site "Binz"]
[Date "2016.11.27"]
[Round "5.3"]
[White "Liebert, Heinz"]
[Black "Wiemer, Juergen"]
[Result "1-0"]
[WhiteElo "2185"]
[BlackElo "2055"]
[PlyCount "85"]
[EventDate "2016.11.23"]
[EventType "swiss"]
[EventRounds "9"]
[EventCountry "GER"]
[SourceTitle "EXT 2018"]
[Source "ChessBase"]
[SourceDate "2017.10.13"]
[SourceVersion "1"]
[SourceVersionDate "2017.10.13"]
[SourceQuality "1"]

1. c4 c5 2. Nf3 Nc6 3. Nc3 e6 4. g3 b6 5. Bg2 Bb7 6. 0-0 Nf6 7. b3 Be7 8. Bb2 0-0 9. d4 cxd4 10. Nxd4 a6 11. Qd2 Qc7 12. Nc2 Rfd8 13. e4 Na7 14. Nd4 Rab8 15. Rac1 d6 16. Rfd1 Qd7 17. Qe2 Qc7 18. Ba3 Nc6 19. Nc2 Ba8 20. h3 h6 21. Kh2 Qb7 22. Ne3 Bf8 23. b4 Qc8 24. Ncd5 Ne8 25. b5 Ne5 26. Nb4 a5 27. Na6 Rb7 28. f4 Ng6 29. e5 Rbd7 30. exd6 Bxd6 31. Bxd6 Bxg2 32. c5 bxc5 33. Rxc5 Qa8 34. Qxg2 Qxg2+ 35. Kxg2 Nxd6 36. b6 Ne7 37. Rxa5 Nc4 38. Rxd7 Nxe3+ 39. Kf3 Rxd7 40. Nc5 Rd5 41. b7 Nc6 42. Ra8+ Nb8 43. Kxe3 1-0

[Event "Oberliga Ost-A 1617"]
[Site "Germany"]
[Date "2016.11.19"]
[Round "2.6"]
[White "Nake, Matthias"]
[Black "Liebert, Heinz"]
[Result "1/2-1/2"]
[WhiteElo "2217"]
[BlackElo "2184"]
[PlyCount "47"]
[EventDate "2016.10.16"]
[EventType "team-tourn"]
[EventRounds "11"]
[EventCountry "GER"]
[SourceTitle "EXT 2018"]
[Source "ChessBase"]
[SourceDate "2017.10.13"]
[SourceVersion "1"]
[SourceVersionDate "2017.10.13"]
[SourceQuality "1"]
[WhiteTeam "Dresden Gruen Weiss"]
[BlackTeam "Halle USV"]
[WhiteTeamCountry "GER"]
[BlackTeamCountry "GER"]

1. e4 c5 2. Nc3 Nc6 3. g3 g6 4. Bg2 Bg7 5. d3 d6 6. f4 e5 7. Nge2 Nge7 8. 0-0 0-0 9. Be3 Nd4 10. Qd2 Be6 11. Nd1 d5 12. fxe5 Nxe2+ 13. Qxe2 d4 14. Bg5 Bxe5 15. Nf2 Qd7 16. Bxe7 Qxe7 17. Bh3 Rae8 18. Bxe6 Qxe6 19. b3 Bg7 20. Qf3 h5 21. Kg2 Bh6 22. Rae1 b6 23. g4 hxg4 24. Nxg4 1/2-1/2

[Event "GER-chT Seniors 25th"]
[Site "Magdeburg"]
[Date "2016.10.12"]
[Round "4.5"]
[White "Liebert, Heinz"]
[Black "Bartsch, Berthold"]
[Result "0-1"]
[WhiteElo "2183"]
[BlackElo "2267"]
[PlyCount "106"]
[EventDate "2016.10.09"]
[EventType "team-swiss"]
[EventRounds "7"]
[EventCountry "GER"]
[SourceTitle "EXT 2019"]
[Source "ChessBase"]
[SourceDate "2018.10.10"]
[SourceVersion "1"]
[SourceVersionDate "2018.10.10"]
[SourceQuality "1"]
[WhiteTeam "Sachsen Anhalt"]
[BlackTeam "Bayern"]
[WhiteTeamCountry "GER"]
[BlackTeamCountry "GER"]

1. c4 e5 2. Nc3 Nc6 3. Nf3 f5 4. d4 e4 5. Bg5 Be7 6. Bxe7 Ngxe7 7. Nd2 Nxd4 8. Ndxe4 Ne6 9. Nd2 b6 10. Nf3 Bb7 11. e3 0-0 12. Be2 f4 13. e4 d6 14. 0-0 Ng6 15. b4 Ne5 16. Re1 Kh8 17. Bf1 a5 18. b5 Nc5 19. Nxe5 dxe5 20. Qxd8 Raxd8 21. Nd5 Rf7 22. f3 g5 23. Rad1 Rd6 24. Nc3 Rxd1 25. Rxd1 Rd7 26. Rxd7 Nxd7 27. g3 Kg7 28. Bh3 Nc5 29. Kf1 Kf6 30. Ke2 h5 31. Bf5 fxg3 32. hxg3 h4 33. Kf2 Nd3+ 34. Kg2 Nb2 35. c5 bxc5 36. Kh3 hxg3 37. Kxg3 Nc4 38. Na4 Nd6 39. Nxc5 Nxf5+ 40. exf5 Bc8 41. a3 Bxf5 42. Na6 Ke6 43. Nxc7+ Kd6 44. b6 Bc8 45. Ne8+ Kc6 46. Nf6 Kxb6 47. Nh7 Kb5 48. Nxg5 Ka4 49. Nf7 Kxa3 50. Nxe5 Kb3 51. Nd3 Bf5 52. Nc5+ Kb4 53. Na6+ Kc4 0-1

[Event "WchT Seniors 65"]
[Site "Radebeul"]
[Date "2016.06.28"]
[Round "3.1"]
[White "Liebert, Heinz"]
[Black "Ofstad, Per"]
[Result "1/2-1/2"]
[WhiteElo "2182"]
[BlackElo "2139"]
[PlyCount "43"]
[EventDate "2016.06.26"]
[EventType "team-swiss"]
[EventRounds "9"]
[EventCountry "GER"]
[SourceTitle "CBM 173 Extra"]
[Source "ChessBase"]
[SourceDate "2016.08.29"]
[SourceVersion "1"]
[SourceVersionDate "2016.08.29"]
[SourceQuality "1"]
[WhiteTeam "Sachsen Anhalt"]
[BlackTeam "Norway Veteran"]
[WhiteTeamCountry "GER"]
[BlackTeamCountry "NOR"]

1. c4 c5 2. Nf3 Nc6 3. d4 cxd4 4. Nxd4 g6 5. e4 Bg7 6. Be3 Nf6 7. Nc3 d6 8. Be2 0-0 9. 0-0 a6 10. Qd2 Bd7 11. f3 Rc8 12. Rfd1 Nxd4 13. Bxd4 Re8 14. a4 Be6 15. b3 Qa5 16. Qb2 Qg5 17. Qd2 Qxd2 18. Rxd2 Nd7 19. Bxg7 Kxg7 20. a5 Rc7 21. Na4 Nc5 22. Nxc5 1/2-1/2

[Event "WchT Seniors 65"]
[Site "Radebeul"]
[Date "2016.06.26"]
[Round "1.1"]
[White "Liebert, Heinz"]
[Black "Faibisovich, Vadim Z"]
[Result "0-1"]
[WhiteElo "2182"]
[BlackElo "2348"]
[PlyCount "84"]
[EventDate "2016.06.26"]
[EventType "team-swiss"]
[EventRounds "9"]
[EventCountry "GER"]
[SourceTitle "CBM 173 Extra"]
[Source "ChessBase"]
[SourceDate "2016.08.29"]
[SourceVersion "1"]
[SourceVersionDate "2016.08.29"]
[SourceQuality "1"]
[WhiteTeam "Sachsen Anhalt"]
[BlackTeam "St Petersburg"]
[WhiteTeamCountry "GER"]
[BlackTeamCountry "RUS"]

1. c4 e6 2. Nf3 Nf6 3. g3 d5 4. Bg2 Be7 5. d4 0-0 6. 0-0 b6 7. Nc3 Bb7 8. Ne5 Na6 9. cxd5 exd5 10. Bg5 c5 11. dxc5 Nxc5 12. Rc1 a5 13. Nb5 Nfe4 14. Be3 Bf6 15. Nd3 d4 16. Bf4 Ne6 17. Nc7 Nxf4 18. Nxf4 Rc8 19. Ncd5 Rxc1 20. Nxf6+ Nxf6 21. Qxc1 Bxg2 22. Kxg2 g5 23. Nd3 Qd5+ 24. Kg1 Re8 25. Re1 h6 26. a3 Kg7 27. Qc2 Re6 28. Rc1 Qe4 29. Qc4 Qxe2 30. Qxd4 Qd2 31. Kg2 Re4 32. Qc3 Qxc3 33. Rxc3 Rd4 34. Ne1 Rd2 35. Rc2 Rd6 36. h3 Ne4 37. g4 Nc5 38. b4 axb4 39. axb4 Ne6 40. Nf3 Nf4+ 41. Kg3 Rd3 42. Rc6 Ne2+ 0-1